<?xml version="1.0" encoding="UTF-8"?>
<marc:record xmlns:marc="http://www.loc.gov/MARC21/slim">
   <marc:leader>00000nam a2200000 a 4500</marc:leader>
   <marc:datafield ind1="1" ind2=" " tag="100">
      <marc:subfield code="a">Ross, Stefanie</marc:subfield>
      <marc:subfield code="4">aut</marc:subfield>
      <marc:subfield code="e">Verfasser/-in</marc:subfield>
   </marc:datafield>
   <marc:datafield ind1="0" ind2="0" tag="245">
      <marc:subfield code="a">Kaleidoskop - Doppeltes Spiel</marc:subfield>
   </marc:datafield>
   <marc:datafield ind1=" " ind2="1" tag="264">
      <marc:subfield code="c">2016</marc:subfield>
   </marc:datafield>
   <marc:datafield ind1="1" ind2=" " tag="520">
      <marc:subfield code="a">Welche Verbindung gibt es zwischen Mordanschlägen auf US Navy Seals und deutsche Polizisten an verschiedenen Orten der Welt? Wie kann ein Seal-Team einfach verschwinden? Als dann auch noch der Teamchef, Brian Relston, unter Mordverdacht geräht, ist das Chaos perfekt.&lt;br/&gt;Dirk Richter und Sven Klein vom Hamburger Landeskriminalamt haben alle Hände voll zu tun, ihre Familien zu schützen. Erst als plötzlich auch noch ein dubioser BND-Agent mitspielt, ahnen sie, dass wesentlich mehr hinter den Anschlägen steckt. Der mutmaßliche Feind entpuppt sich als wertvolle Hilfe - und als tot geglaubtes Familienmitglied. Gemeinsam nehmen sie den Kampf gegen die Terroristen auf und geraten zwischen alle Fronten. Erstmals sind nicht nur sie und ihre Familien in Lebengefahr, sondern auch langjährige Freundschaften stehen auf dem Spiel.</marc:subfield>
   </marc:datafield>
   <marc:datafield ind1=" " ind2=" " tag="020">
      <marc:subfield code="a">9781540501059</marc:subfield>
      <marc:subfield code="9">9781540501059</marc:subfield>
   </marc:datafield>
   <marc:datafield ind1=" " ind2=" " tag="041">
      <marc:subfield code="a">ger</marc:subfield>
   </marc:datafield>
   <marc:datafield ind1="1" ind2=" " tag="521">
      <marc:subfield code="a">0</marc:subfield>
   </marc:datafield>
   <marc:datafield ind1=" " ind2=" " tag="300">
      <marc:subfield code="a">536 Seiten</marc:subfield>
   </marc:datafield>
</marc:record>
